| 000 | 01879nab a2200289 a 4500 | ||
|---|---|---|---|
| 005 | 20210219162132.0 | ||
| 008 | 991125s1985 mx 000 0 spa u | ||
| 035 | _aUPN01000198313 | ||
| 049 | _aART | ||
| 100 | 1 | _aAlonso Guzmán, Lorena | |
| 100 | 1 | _ualonso@uagro.mx | |
| 100 | 1 | _aHernández Alarcón, Víctor Manuel | |
| 100 | 1 | _uvmanuel.hdez@gmail.com | |
| 100 | 1 | _aSolís Carmona, Edgardo | |
| 100 | 1 | _uesoliscr@hotmail.com | |
| 222 | _aREVISTA MEXICANA DE INVESTIGACION EDUCATIVA | ||
| 245 | _aLa Universidad Intercultural de los Pueblos del Sur : una opción de educación no formal para la población indígena en el estado de Guerrero, México | ||
| 300 | _a103-128 | ||
| 362 | 0 | _a2014 Vol. 19, no. 60 (1), ene.-mar. | |
| 520 | _aEste artículo muestra los resultados de un estudio cualitativo-documental sobre educación intercultural, realizado en la región de La Montaña de Guerrero, México. Analiza en particular a la Universidad Intercultural de los Pueblos del Sur, la cual ha conseguido desarrollar su proyecto de educación intercultural e, incluso, expandirlo a cinco municipios del estado de Guerrero. Esta universidad representa un espacio de educación no formal para jóvenes indígenas, desarrollando un modelo educativo orientado a la perspectiva del medio rural y fomentando capacidades en las comunidades y familias, por medio de asistencias técnicas, transfiriendo tecnología y conocimientos especializados en actividades agropecuarias. Finalmente se hacen recomendaciones que orienten la práctica educativa intercultural, tomando en cuenta la evidencia aportada por las investigaciones realizadas | ||
| 653 | 0 | _aEDUCACION INTERCULTURAL BILINGÜE | |
| 653 | 0 | _aUNISUR | |
| 653 | 0 | _aMALINALTEPEC, GUERRERO | |
| 653 | 0 | _aPUEBLOS INDIGENAS | |
| 856 | 4 | _uhttp://www.redalyc.org/articulo.oa?id=14029405006 | |
| 905 | _aArticulo | ||
| 999 |
_c170414 _d170414 |
||